[Event "GBR-ch85"]
[Site "Torquay"]
[Date "1998.07.28"]
[Round "2.2"]
[White "Lane, Gary William"]
[Black "Sadler, Matthew D"]
[Result "0-1"]
[WhiteElo "2405"]
[BlackElo "2660"]
[PlyCount "86"]
[EventDate "1998.07.27"]
[EventType "swiss"]
[EventRounds "11"]
[EventCountry "GBR"]
[SourceTitle "BritBase"]
[Source "britbase.info"]
[SourceDate "2021.07.30"]
[SourceVersion "1"]
[SourceVersionDate "2021.07.30"]
[SourceQuality "1"]

1. e4 c5 2. c3 Nf6 3. e5 Nd5 4. Nf3 d6 5. d4 cxd4 6. cxd4 Nc6 7. exd6 Qxd6 8.
Nc3 Bg4 9. Be2 e6 10. h3 Bh5 11. O-O Be7 12. Nb5 Qd8 13. Ne5 Bxe2 14. Qxe2 Qb6
15. Rd1 Nxe5 16. dxe5 O-O 17. Nd4 Rfd8 18. Nf3 h6 19. Nh2 Rac8 20. Qg4 Rc2 21.
Bxh6 Qxf2+ 22. Kh1 g6 23. Nf3 Ne3 24. Rxd8+ Bxd8 25. Bxe3 Qxe3 26. b3 Bc7 27.
Re1 Qc3 28. Qg5 Rxa2 29. h4 Ra1 30. Rxa1 Qxa1+ 31. Kh2 Qb1 32. Qe7 Qc1 33. Kh3
Qc3 34. h5 gxh5 35. Qg5+ Kf8 36. Qxh5 Qxb3 37. Qh8+ Ke7 38. Qf6+ Ke8 39. Qh8+
Kd7 40. Qf8 Bxe5 41. Qxf7+ Kc6 42. Kg4 Bc3 43. Ng5 Qd1+ 0-1

[Event "GBR-ch85"]
[Site "Torquay"]
[Date "1998.07.28"]
[Round "2.4"]
[White "Pert, Nicholas"]
[Black "Wells, Peter K"]
[Result "0-1"]
[WhiteElo "2390"]
[BlackElo "2515"]
[PlyCount "54"]
[EventDate "1998.07.27"]
[EventType "swiss"]
[EventRounds "11"]
[EventCountry "GBR"]
[SourceTitle "BritBase"]
[Source "britbase.info"]
[SourceDate "2021.07.30"]
[SourceVersion "1"]
[SourceVersionDate "2021.07.30"]
[SourceQuality "1"]

1. d4 Nf6 2. Nf3 e6 3. g3 b5 4. Bg2 Bb7 5. O-O c5 6. c3 Be7 7. Bg5 Na6 8. Nbd2
O-O 9. Re1 h6 10. Bxf6 Bxf6 11. e4 Qb6 12. a4 cxd4 13. e5 Be7 14. Nxd4 Bxg2 15.
Kxg2 b4 16. Ne4 f5 17. exf6 Bxf6 18. Nb5 bxc3 19. bxc3 d5 20. Nxf6+ Rxf6 21.
Qd4 Nc5 22. Qe3 Raf8 23. f3 Rxf3 24. Qxf3 Rxf3 25. Kxf3 Ne4 26. Re3 a6 27. c4
Nd2+ 0-1

[Event "GBR-ch85"]
[Site "Torquay"]
[Date "1998.07.28"]
[Round "2.5"]
[White "Basman, Michael John"]
[Black "Rowson, Jonathan"]
[Result "0-1"]
[WhiteElo "2360"]
[BlackElo "2495"]
[PlyCount "104"]
[EventDate "1998.07.27"]
[EventType "swiss"]
[EventRounds "11"]
[EventCountry "GBR"]
[SourceTitle "BritBase"]
[Source "britbase.info"]
[SourceDate "2021.07.30"]
[SourceVersion "1"]
[SourceVersionDate "2021.07.30"]
[SourceQuality "1"]

1. g4 e6 2. Nf3 b6 3. e3 Bb7 4. Be2 g5 5. Rg1 h6 6. c4 Nf6 7. Nc3 Nc6 8. d4 Bb4
9. Bd2 Bxc3 10. Bxc3 Ne4 11. d5 Nxc3 12. bxc3 Ne7 13. Qd4 Rg8 14. e4 c5 15. Qe3
Ng6 16. a4 d6 17. dxe6 fxe6 18. e5 dxe5 19. Nxe5 Qc7 20. Nxg6 Rxg6 21. O-O-O
Rf6 22. Rg3 Rd8 23. Rxd8+ Kxd8 24. Bf3 Ke7 25. Bxb7 Qxb7 26. Kb2 Qh1 27. h3 Qf1
28. Rf3 Qxc4 29. Rxf6 Kxf6 30. Ka3 a6 31. Qf3+ Kg6 32. Kb2 Qxa4 33. Qd3+ Kg7
34. Qd6 Qe8 35. Qe5+ Kg8 36. f4 gxf4 37. Qxf4 Qb5+ 38. Ka2 Qa5+ 39. Kb2 Qb5+
40. Kc1 Qd3 41. Qf6 Qe3+ 42. Kb2 b5 43. Qg6+ Kf8 44. Qf6+ Ke8 45. Qg6+ Kd7 46.
Qf7+ Kc6 47. Qe8+ Kd5 48. Qa8+ Kc4 49. Qxa6 Qxc3+ 50. Kb1 Qe1+ 51. Kc2 Qe2+ 52.
Kc1 Kb3 0-1

[Event "GBR-ch85"]
[Site "Torquay"]
[Date "1998.07.28"]
[Round "2.6"]
[White "Williams, Simon Kim"]
[Black "Arkell, Keith C"]
[Result "0-1"]
[WhiteElo "2335"]
[BlackElo "2475"]
[PlyCount "54"]
[EventDate "1998.07.27"]
[EventType "swiss"]
[EventRounds "11"]
[EventCountry "GBR"]
[SourceTitle "BritBase"]
[Source "britbase.info"]
[SourceDate "2021.07.30"]
[SourceVersion "1"]
[SourceVersionDate "2021.07.30"]
[SourceQuality "1"]

1. c4 c5 2. Nc3 Nc6 3. g3 g6 4. Bg2 Bg7 5. d3 e6 6. e4 Nge7 7. h4 Nd4 8. h5
Nec6 9. Nge2 d6 10. Rb1 Rb8 11. f4 a6 12. Nxd4 Nxd4 13. Kf2 g5 14. fxg5 b5 15.
Bf4 b4 16. Ne2 b3 17. a3 e5 18. Nxd4 exf4 19. Nc6 Qxg5 20. Nxb8 Qxg3+ 21. Kf1
Bg4 22. Qd2 f3 23. Nc6 Bh6 24. Qf2 fxg2+ 25. Qxg2 Qxd3+ 26. Kf2 Be3+ 27. Kg3
Rg8 0-1

[Event "GBR-ch85"]
[Site "Torquay"]
[Date "1998.07.28"]
[Round "2.7"]
[White "Sasikiran, Krishnan"]
[Black "Wall, Gavin"]
[Result "1-0"]
[WhiteElo "2470"]
[BlackElo "2355"]
[PlyCount "236"]
[EventDate "1998.07.27"]
[EventType "swiss"]
[EventRounds "11"]
[EventCountry "GBR"]
[SourceTitle "BritBase"]
[Source "britbase.info"]
[SourceDate "2021.07.30"]
[SourceVersion "1"]
[SourceVersionDate "2021.07.30"]
[SourceQuality "1"]

1. d4 f5 2. g3 Nf6 3. Bg2 g6 4. Nf3 Bg7 5. O-O O-O 6. b3 d6 7. Bb2 Ne4 8. c4
Nc6 9. Nbd2 Nxd2 10. Qxd2 e5 11. dxe5 dxe5 12. Qd5+ Kh8 13. Qxd8 Rxd8 14. Rad1
e4 15. Rxd8+ Nxd8 16. Rd1 Bxb2 17. Rxd8+ Kg7 18. Nd4 Bxd4 19. Rxd4 Be6 20. f3
exf3 21. exf3 Kf6 22. f4 c6 23. Kf2 Re8 24. c5 h6 25. Ra4 a6 26. Rb4 Re7 27.
Rd4 g5 28. Rd6 g4 29. h3 gxh3 30. Bxh3 Rd7 31. Rxd7 Bxd7 32. Ke3 Bc8 33. Kd4
Be6 34. Bg2 Bf7 35. Bf3 Be6 36. Kc3 Ke7 37. Kb4 Kd7 38. Be2 Kd8 39. Bd3 Kd7 40.
Be2 Kd8 41. Ka5 Kc7 42. Bd3 Bd7 43. Bc4 Bc8 44. Bf7 Bd7 45. a3 Bc8 46. b4 Bd7
47. a4 Bc8 48. b5 axb5 49. axb5 Bd7 50. bxc6 bxc6 51. Bb3 Bc8 52. Kb4 Kd8 53.
Bc2 Be6 54. Bd3 Bd7 55. Be2 Be6 56. Bf3 Bd7 57. Bg2 Be8 58. Kc3 Ke7 59. Kd4 Kf6
60. Bf3 Bd7 61. Bh5 Ke6 62. Kc4 Ke7 63. Be2 Be6+ 64. Kb4 Kd8 65. Bh5 Bd7 66.
Ka5 Kc7 67. Bf7 Bc8 68. Be8 Be6 69. Kb4 Bd7 70. Bf7 Kd8 71. Bc4 Bc8 72. Bd3 Bd7
73. Ba6 Be6 74. Kc3 Ke7 75. Kd3 Bd7 76. Bb7 Be8 77. Kd4 Kf6 78. Bc8 Bf7 79. Kc3
Be6 80. Bb7 Bd7 81. Kc4 Ke7 82. Ba6 Ke6 83. Kd4 Kf6 84. Bd3 Ke6 85. Bc4+ Kf6
86. Be2 Ke6 87. Bf3 Kf6 88. Kc3 Ke7 89. Kc4 Be8 90. Kb4 Kd8 91. Bd1 Bd7 92. Bb3
Bc8 93. Bf7 Ke7 94. Bg6 Kd8 95. Kc4 Ke7 96. Kd4 Ke6 97. Be8 Bb7 98. Kc4 Ke7 99.
Bh5 Bc8 100. Kd4 Ke6 101. Bg6 Bd7 102. Kc4 Kf6 103. Bh5 Ke7 104. Kb4 Kd8 105.
Ka5 Kc7 106. Bf7 Bc8 107. Be8 Be6 108. Ka4 Bd7 109. Bf7 Kd8 110. Ka5 Kc7 111.
Ka6 Bc8+ 112. Ka7 Bd7 113. Bc4 Bc8 114. Bb3 Bd7 115. Bf7 Bc8 116. Be8 Be6 117.
Ka6 Bc8+ 118. Ka5 Bd7 {Black claimed a threefold position incorrectly} 1-0

[Event "GBR-ch85"]
[Site "Torquay"]
[Date "1998.07.28"]
[Round "2.8"]
[White "Hinks-Edwards, Thomas"]
[Black "Summerscale, Aaron"]
[Result "1-0"]
[WhiteElo "2315"]
[BlackElo "2455"]
[PlyCount "78"]
[EventDate "1998.07.27"]
[EventType "swiss"]
[EventRounds "11"]
[EventCountry "GBR"]
[SourceTitle "BritBase"]
[Source "britbase.info"]
[SourceDate "2021.07.30"]
[SourceVersion "1"]
[SourceVersionDate "2021.07.30"]
[SourceQuality "1"]

1. e4 c5 2. Nf3 d6 3. d4 cxd4 4. Nxd4 Nf6 5. f3 Nc6 6. c4 Qb6 7. Nc2 g6 8. Nc3
Bg7 9. Qd3 Be6 10. Be3 Nb4 11. Bxb6 Nxd3+ 12. Bxd3 axb6 13. Nb4 O-O 14. Kd2
Rfc8 15. b3 Nd7 16. a4 Kf8 17. Rhf1 Ra5 18. Rad1 Nc5 19. Kc2 Nd7 20. f4 f5 21.
exf5 Bxf5 22. Bxf5 Rxf5 23. Ncd5 Rh5 24. h3 e6 25. Ne3 d5 26. Rf3 Nc5 27. g4
Rh4 28. f5 gxf5 29. gxf5 dxc4 30. fxe6+ Ke8 31. Nxc4 Nxb3 32. Kxb3 Rhxc4 33.
Nd5 Rd4 34. Rxd4 Bxd4 35. Rf7 Be5 36. Rxb7 Rc5 37. Nxb6 Rc3+ 38. Kb4 Rxh3 39.
Nd5 Rd3 {time} 1-0

[Event "GBR-ch85"]
[Site "Torquay"]
[Date "1998.07.28"]
[Round "2.9"]
[White "Kennaugh, Charles"]
[Black "Ledger, Andrew"]
[Result "0-1"]
[WhiteElo "2290"]
[BlackElo "2450"]
[PlyCount "70"]
[EventDate "1998.07.27"]
[EventType "swiss"]
[EventRounds "11"]
[EventCountry "GBR"]
[SourceTitle "BritBase"]
[Source "britbase.info"]
[SourceDate "2021.07.30"]
[SourceVersion "1"]
[SourceVersionDate "2021.07.30"]
[SourceQuality "1"]

1. e4 c6 2. d3 e5 3. f4 exf4 4. Bxf4 d5 5. exd5 cxd5 6. d4 Nc6 7. Nf3 Nf6 8.
Bd3 Bd6 9. Qe2+ Be6 10. Bg5 h6 11. Bh4 g5 12. Bf2 Ng4 13. Nc3 Nxf2 14. Qxf2 Qf6
15. Nb5 Bb8 16. c3 a6 17. Na3 h5 18. O-O h4 19. Qe2 Qe7 20. Rae1 g4 21. Ne5
Nxe5 22. dxe5 Rh5 23. Qc2 Rxe5 24. Rxe5 Bxe5 25. Bf5 O-O-O 26. Qa4 Qg5 27.
Bxe6+ fxe6 28. Nc2 Bc7 29. Qd4 e5 30. Qf2 Kb8 31. Qf6 Qd2 32. Qg6 h3 33. gxh3
e4 34. Rf2 Qd1+ 35. Kg2 gxh3+ 0-1

[Event "GBR-ch85"]
[Site "Torquay"]
[Date "1998.07.28"]
[Round "2.10"]
[White "Thipsay, Praveen"]
[Black "Beaumont, Chris"]
[Result "1-0"]
[WhiteElo "2450"]
[BlackElo "2330"]
[PlyCount "41"]
[EventDate "1998.07.27"]
[EventType "swiss"]
[EventRounds "11"]
[EventCountry "GBR"]
[SourceTitle "BritBase"]
[Source "britbase.info"]
[SourceDate "2021.07.30"]
[SourceVersion "1"]
[SourceVersionDate "2021.07.30"]
[SourceQuality "1"]

1. e4 c5 2. Nf3 Nc6 3. d4 cxd4 4. Nxd4 g6 5. Be2 Bg7 6. Nb3 Nf6 7. Nc3 O-O 8.
O-O d6 9. Be3 Be6 10. f4 Rc8 11. Kh1 Na5 12. f5 Bc4 13. Bd3 d5 14. Nxa5 Qxa5
15. e5 Ne4 16. Nxe4 dxe4 17. Bxc4 Rxc4 18. f6 Bh8 19. fxe7 Re8 20. Qd7 Rcc8 21.
Rxf7 1-0

[Event "GBR-ch85"]
[Site "Torquay"]
[Date "1998.07.28"]
[Round "2.11"]
[White "Martin, Andrew D"]
[Black "Holmes, Michael"]
[Result "1-0"]
[WhiteElo "2445"]
[BlackElo "1999"]
[PlyCount "67"]
[EventDate "1998.07.27"]
[EventType "swiss"]
[EventRounds "11"]
[EventCountry "GBR"]
[SourceTitle "BritBase"]
[Source "britbase.info"]
[SourceDate "2021.07.30"]
[SourceVersion "1"]
[SourceVersionDate "2021.07.30"]
[SourceQuality "1"]

1. Nf3 d5 2. g3 Nf6 3. Bg2 e6 4. O-O Be7 5. d3 O-O 6. Nbd2 Nc6 7. c4 e5 8. a3
dxc4 9. Nxc4 e4 10. dxe4 Qxd1 11. Rxd1 Be6 12. Nfe5 Rad8 13. Be3 Nxe5 14. Nxe5
Bd6 15. Nd3 Nd7 16. f4 b6 17. Nb4 Nb8 18. e5 Be7 19. Nd5 Rd7 20. Nxe7+ Rxe7 21.
b4 g5 22. Bd4 gxf4 23. gxf4 Rd8 24. Bc3 Red7 25. Rxd7 Rxd7 26. Kf2 Bb3 27. Bh3
Rd1 28. Rxd1 Bxd1 29. e6 fxe6 30. Bxe6+ Kf8 31. e4 Bh5 32. Ke3 Ke7 33. Bg8 Nd7
34. Bxh7 1-0

[Event "GBR-ch85"]
[Site "Torquay"]
[Date "1998.07.28"]
[Round "2.12"]
[White "Gormally, Daniel"]
[Black "Cobb, James E"]
[Result "1/2-1/2"]
[WhiteElo "2400"]
[BlackElo "2305"]
[PlyCount "39"]
[EventDate "1998.07.27"]
[EventType "swiss"]
[EventRounds "11"]
[EventCountry "GBR"]
[SourceTitle "BritBase"]
[Source "britbase.info"]
[SourceDate "2021.07.30"]
[SourceVersion "1"]
[SourceVersionDate "2021.07.30"]
[SourceQuality "1"]

1. e4 Nc6 2. Nf3 e6 3. d3 d5 4. Nbd2 Nf6 5. g3 dxe4 6. dxe4 Bc5 7. Bg2 e5 8.
O-O O-O 9. Qe2 a5 10. Nc4 Qe7 11. c3 b6 12. Ne3 Ba6 13. c4 Nd4 14. Nxd4 exd4
15. Nf5 Qe6 16. b3 Rae8 17. Re1 Bb7 18. Bb2 Bxe4 19. Bxe4 Nxe4 20. Nxd4 1/2-1/2

[Event "GBR-ch85"]
[Site "Torquay"]
[Date "1998.07.28"]
[Round "2.14"]
[White "Barton, R Alan"]
[Black "Hebden, Mark"]
[Result "0-1"]
[WhiteElo "2180"]
[BlackElo "2590"]
[PlyCount "74"]
[EventDate "1998.07.27"]
[EventType "swiss"]
[EventRounds "11"]
[EventCountry "GBR"]
[SourceTitle "BritBase"]
[Source "britbase.info"]
[SourceDate "2021.07.30"]
[SourceVersion "1"]
[SourceVersionDate "2021.07.30"]
[SourceQuality "1"]

1. d4 Nf6 2. Nf3 g6 3. c4 Bg7 4. Nc3 O-O 5. Bg5 c5 6. e3 cxd4 7. Nxd4 Nc6 8.
Be2 Qa5 9. Bh4 Nxd4 10. exd4 d5 11. O-O Be6 12. c5 b6 13. cxb6 axb6 14. Qb3
Rfc8 15. f3 Nd7 16. Rfd1 Nb8 17. Bf1 Nc6 18. Bf2 Qa7 19. a4 Na5 20. Qb4 Nc4 21.
Nb5 Qd7 22. b3 Na5 23. Rac1 Bf5 24. Re1 Bf8 25. Qa3 Bc2 26. b4 Nc4 27. Bxc4
Rxc4 28. Nc3 Bxa4 29. Qb2 Bb5 30. Ra1 Rac8 31. Rec1 Bh6 32. Rc2 Qc6 33. Ra3 e5
34. dxe5 d4 35. Bxd4 Rxd4 36. Nxb5 Rd1+ 37. Kf2 Qxc2+ 0-1

[Event "GBR-ch85"]
[Site "Torquay"]
[Date "1998.07.28"]
[Round "2.15"]
[White "Ward, Christopher G"]
[Black "Moskovic, David M"]
[Result "1/2-1/2"]
[WhiteElo "2505"]
[BlackElo "2235"]
[PlyCount "113"]
[EventDate "1998.07.27"]
[EventType "swiss"]
[EventRounds "11"]
[EventCountry "GBR"]
[SourceTitle "BritBase"]
[Source "britbase.info"]
[SourceDate "2021.07.30"]
[SourceVersion "1"]
[SourceVersionDate "2021.07.30"]
[SourceQuality "1"]

1. d4 g6 2. e4 Bg7 3. c4 d6 4. Nc3 Nf6 5. f3 O-O 6. Nge2 c5 7. d5 e6 8. Ng3
exd5 9. cxd5 Na6 10. Be2 Bd7 11. Bg5 Rc8 12. Qd2 c4 13. O-O Re8 14. Kh1 b5 15.
Qf4 Re5 16. Qh4 h6 17. Bxh6 b4 18. Nd1 Nxe4 19. Qxd8+ Rxd8 20. Nxe4 Bxh6 21.
Bxc4 Nc7 22. Nxd6 Nxd5 23. f4 Bxf4 24. Nxf7 Kxf7 25. Ne3 Kg7 26. Nxd5 Bxh2 27.
Kxh2 Be6 28. Rf4 Bxd5 29. Bxd5 Rdxd5 30. Rxb4 Rd2 31. Rc1 Ree2 32. Rc7+ Kh6 33.
Rg4 Rxb2 34. Rc6 Rxa2 35. Rcxg6+ Kh7 36. Rg7+ Kh8 37. Rg8+ Kh7 38. R4g7+ Kh6
39. Rg3 Kh7 40. R3g7+ Kh6 41. Rg4 Kh7 42. R8g7+ Kh8 43. R7g5 Re7 44. Rg8+ Kh7
45. Rc8 Ra6 46. Rh4+ Rh6 47. Kh3 Rxh4+ 48. Kxh4 Rb7 49. g4 a5 50. Ra8 Rb5 51.
g5 Rb1 52. Rxa5 Rh1+ 53. Kg3 Rg1+ 54. Kf2 Rg4 55. Kf3 Rb4 56. Ra6 Kg7 57. Kg3
1/2-1/2

[Event "GBR-ch85"]
[Site "Torquay"]
[Date "1998.07.28"]
[Round "2.16"]
[White "Conquest, Stuart"]
[Black "Hunt, Adam"]
[Result "1-0"]
[WhiteElo "2490"]
[BlackElo "2265"]
[PlyCount "121"]
[EventDate "1998.07.27"]
[EventType "swiss"]
[EventRounds "11"]
[EventCountry "GBR"]
[SourceTitle "BritBase"]
[Source "britbase.info"]
[SourceDate "2021.07.30"]
[SourceVersion "1"]
[SourceVersionDate "2021.07.30"]
[SourceQuality "1"]

1. d4 Nf6 2. c4 g6 3. g3 Bg7 4. Bg2 O-O 5. Nc3 d6 6. e3 Nbd7 7. Nge2 c5 8. O-O
Rb8 9. b3 a6 10. a4 b6 11. Ra2 Bb7 12. d5 Ne8 13. e4 Nc7 14. f4 Bc8 15. Bb2 b5
16. a5 Ne8 17. Qc1 f5 18. exf5 gxf5 19. Kh1 bxc4 20. bxc4 Ndf6 21. Nd1 Bd7 22.
Ba1 Rb4 23. Ne3 Ng4 24. Nxg4 fxg4 25. Be4 Bxa1 26. Rxa1 Bf5 27. Bxf5 Rxf5 28.
Qc2 Ng7 29. Nc1 Rf8 30. Nd3 Rb8 31. Qe2 Qd7 32. Rfe1 Rb7 33. Nf2 h5 34. Ne4 Nf5
35. Qd3 Nd4 36. Nxc5 dxc5 37. Qg6+ Kh8 38. Qh6+ Kg8 39. Qg6+ Kh8 40. Qxh5+ Kg8
41. Qg6+ Kh8 42. Re5 Nf5 43. Rae1 Rf6 44. Qh5+ Kg8 45. Qxg4+ Kf8 46. Qh5 Ng7
47. Qh8+ Kf7 48. Rg5 Rg6 49. Rxg6 Kxg6 50. Qg8 e5 51. Rxe5 Kf6 52. Kg2 Rb2+ 53.
Kf3 Rb3+ 54. Ke4 Rb4 55. Qf8+ Kg6 56. Qxc5 Rb1 57. Qc6+ Qxc6 58. dxc6 Nf5 59.
Re6+ Kf7 60. Kxf5 Rc1 61. Re4 1-0

[Event "GBR-ch85"]
[Site "Torquay"]
[Date "1998.07.28"]
[Round "2.21"]
[White "Buckley, Graeme"]
[Black "Wismayer, Clive"]
[Result "1-0"]
[WhiteElo "2295"]
[BlackElo "2125"]
[PlyCount "75"]
[EventDate "1998.07.27"]
[EventType "swiss"]
[EventRounds "11"]
[EventCountry "GBR"]
[SourceTitle "BritBase"]
[Source "britbase.info"]
[SourceDate "2021.07.30"]
[SourceVersion "1"]
[SourceVersionDate "2021.07.30"]
[SourceQuality "1"]

1. d4 d5 2. c4 Nc6 3. Nf3 Bg4 4. Nc3 e6 5. e3 Bb4 6. Qa4 Bxf3 7. gxf3 Nge7 8.
a3 Bxc3+ 9. bxc3 O-O 10. f4 dxc4 11. Bxc4 Nd5 12. Qc2 f5 13. Bd3 Qh4 14. Bd2
Rad8 15. Qb2 Nb6 16. Be2 Rd7 17. c4 Rb8 18. Rc1 Qh3 19. Bf1 Qg4 20. h3 Qh4 21.
Bg2 Nd8 22. Rg1 Qf6 23. Qb3 c6 24. Bc3 Qh6 25. Ke2 Na8 26. d5 cxd5 27. cxd5 Nc7
28. Be5 Rc8 29. d6 Nf7 30. Qxb7 Nxd6 31. Bxd6 Rcd8 32. Bxc7 Rd2+ 33. Ke1 Qh4
34. Qf3 R8d7 35. Bf1 Qe7 36. Ba5 Rb2 37. Rc8+ Kf7 38. Qh5+ 1-0

[Event "GBR-ch85"]
[Site "Torquay"]
[Date "1998.07.28"]
[Round "2.22"]
[White "Jackson, Oliver"]
[Black "Osborne, Marcus E"]
[Result "0-1"]
[WhiteElo "2255"]
[BlackElo "2205"]
[Annotator "Corrected 07Apr04"]
[PlyCount "58"]
[EventDate "1998.07.27"]
[EventType "swiss"]
[EventRounds "11"]
[EventCountry "GBR"]
[SourceTitle "BritBase"]
[Source "britbase.info"]
[SourceDate "2021.07.30"]
[SourceVersion "1"]
[SourceVersionDate "2021.07.30"]
[SourceQuality "1"]

1. e4 d6 2. d4 e5 3. Nf3 exd4 4. Nxd4 g6 5. Nc3 Bg7 6. Be3 Nf6 7. f3 O-O 8. Qd2
Nc6 9. O-O-O Nxd4 10. Bxd4 Be6 11. g4 c5 12. Be3 Qa5 13. a3 a6 14. Bh6 b5 15.
Bxg7 Kxg7 16. h4 b4 17. Nb1 Rab8 18. h5 Qa4 19. b3 bxa3 20. h6+ Kg8 21. Qc3 a2
22. Qxf6 a1=Q 23. Qg7+ Qxg7 24. hxg7 Bxb3 25. gxf8=Q+ Kxf8 26. cxb3 Qxb3 27.
Kd2 Qxf3 28. Rh3 Rb2+ 29. Kc1 Rxb1+ {[Note: Mega Database 2004 shows this
incorrectly as ADRIAN Jackson vs Marcus Osborne. The table in BCF Yearbook
1999 shows that it should have been Oliver Jackson. Error notified to BCM by
Kenneth Clow, April 2004]} 0-1

[Event "GBR-ch85"]
[Site "Torquay"]
[Date "1998.07.28"]
[Round "2.23"]
[White "Morrison, Chris"]
[Black "Dyce, Andrew"]
[Result "0-1"]
[WhiteElo "2200"]
[BlackElo "2295"]
[PlyCount "78"]
[EventDate "1998.07.27"]
[EventType "swiss"]
[EventRounds "11"]
[EventCountry "GBR"]
[SourceTitle "BritBase"]
[Source "britbase.info"]
[SourceDate "2021.07.30"]
[SourceVersion "1"]
[SourceVersionDate "2021.07.30"]
[SourceQuality "1"]

1. e4 c6 2. d3 d5 3. Nd2 e5 4. Ngf3 Bd6 5. g3 f5 6. Bg2 Nf6 7. O-O O-O 8. d4
fxe4 9. Nxe5 Bxe5 10. dxe5 Ng4 11. Qe2 Nxe5 12. h3 Nf3+ 13. Nxf3 exf3 14. Bxf3
Bxh3 15. Bg2 Bxg2 16. Kxg2 Qf6 17. Be3 Nd7 18. c3 Rae8 19. Qh5 Qf5 20. Qxf5
Rxf5 21. a4 c5 22. Rfd1 b6 23. a5 Nf6 24. axb6 axb6 25. Ra6 Ng4 26. Bf4 g5 27.
f3 Nf6 28. Bd2 Re2+ 29. Kf1 Re6 30. Kg2 g4 31. f4 Ne4 32. Re1 Rh6 33. Be3 Rh3
34. Rxb6 Rfh5 35. Rb8+ Kf7 36. Rb7+ Kf6 37. Rb6+ Kf5 38. Bg1 Rxg3+ 39. Kf1 Rh1
0-1

[Event "GBR-ch85"]
[Site "Torquay"]
[Date "1998.07.28"]
[Round "2.26"]
[White "Leech, Aiden"]
[Black "Tebb, David"]
[Result "0-1"]
[WhiteElo "2145"]
[BlackElo "2250"]
[PlyCount "66"]
[EventDate "1998.07.27"]
[EventType "swiss"]
[EventRounds "11"]
[EventCountry "GBR"]
[SourceTitle "BritBase"]
[Source "britbase.info"]
[SourceDate "2021.07.30"]
[SourceVersion "1"]
[SourceVersionDate "2021.07.30"]
[SourceQuality "1"]

1. e4 c5 2. c3 d6 3. g3 Nf6 4. Bg2 e5 5. Ne2 Nc6 6. O-O h5 7. h4 Be7 8. Na3 Ng4
9. f3 Nh6 10. d4 cxd4 11. cxd4 f6 12. Nc4 b5 13. Ne3 g5 14. Nd5 Nf7 15. Be3
gxh4 16. gxh4 Rg8 17. Kh2 f5 18. Nxe7 Qxe7 19. Qe1 f4 20. Bf2 Qf6 21. d5 Nd4
22. Nxd4 exd4 23. Rg1 Ne5 24. Bh1 Bg4 25. Bxd4 Nxf3+ 26. Bxf3 Qxd4 27. Qe2 Ke7
28. Bxg4 hxg4 29. Rxg4 f3 30. Qxf3 Raf8 31. Qg3 Rxg4 32. Qxg4 Qxb2+ 33. Kh3
Qc3+ 0-1

[Event "GBR-ch85"]
[Site "Torquay"]
[Date "1998.07.28"]
[Round "2.28"]
[White "Alfred, Nathan"]
[Black "Mutton, Jonathan"]
[Result "1/2-1/2"]
[WhiteElo "2235"]
[BlackElo "2135"]
[PlyCount "43"]
[EventDate "1998.07.27"]
[EventType "swiss"]
[EventRounds "11"]
[EventCountry "GBR"]
[SourceTitle "BritBase"]
[Source "britbase.info"]
[SourceDate "2021.07.30"]
[SourceVersion "1"]
[SourceVersionDate "2021.07.30"]
[SourceQuality "1"]

1. e4 c5 2. Nf3 d6 3. d4 cxd4 4. Nxd4 Nf6 5. Nc3 a6 6. Bg5 e6 7. f4 Be7 8. Qf3
Qc7 9. O-O-O Nbd7 10. g4 b5 11. Bxf6 Nxf6 12. g5 Nd7 13. f5 Ne5 14. Qh5 g6 15.
Qh4 Bd7 16. Bh3 b4 17. Nce2 Rc8 18. Rd2 Nc4 19. fxe6 fxe6 20. Nxe6 Bxe6 21.
Bxe6 Nxd2 22. Bxc8 1/2-1/2

[Event "GBR-ch85"]
[Site "Torquay"]
[Date "1998.07.28"]
[Round "2.29"]
[White "Rayner, Francis"]
[Black "Forbes, Cathy"]
[Result "1/2-1/2"]
[WhiteElo "2235"]
[BlackElo "2110"]
[PlyCount "50"]
[EventDate "1998.07.27"]
[EventType "swiss"]
[EventRounds "11"]
[EventCountry "GBR"]
[SourceTitle "BritBase Aug 2004"]

1. e4 c5 2. Nf3 e6 3. d3 Nc6 4. g3 g6 5. Bg2 Bg7 6. O-O Nge7 7. c3 d5 8. Qe2
O-O 9. e5 b5 10. Bf4 Bb7 11. Nbd2 Qb6 12. Rfe1 a5 13. h4 Rfc8 14. Nh2 Ba6 15.
Ndf3 b4 16. Ng4 Qb5 17. Rad1 bxc3 18. bxc3 Rab8 19. Nf6+ Kh8 20. Ng5 Nd8 21.
Rd2 h6 22. Nf3 Ndc6 23. Qe3 d4 24. cxd4 Nf5 25. Qe2 Ncxd4 1/2-1/2

[Event "GBR-ch85"]
[Site "Torquay"]
[Date "1998.07.28"]
[Round "2.31"]
[White "Jackson, Adrian"]
[Black "McDonnell, James"]
[Result "1/2-1/2"]
[WhiteElo "2225"]
[BlackElo "2020"]
[PlyCount "114"]
[EventDate "1998.07.27"]
[EventType "swiss"]
[EventRounds "11"]
[EventCountry "GBR"]
[SourceTitle "BritBase Aug 2004"]

1. e4 c5 2. Nf3 Nc6 3. d4 cxd4 4. Nxd4 Nf6 5. Nc3 d6 6. Bg5 e6 7. Qd2 Be7 8.
O-O-O O-O 9. f4 Nxd4 10. Qxd4 Qa5 11. Bd3 h6 12. h4 e5 13. Qg1 exf4 14. Bxf4
Be6 15. a3 Rfc8 16. Bd2 Qe5 17. Qe3 a6 18. Rdf1 b5 19. Ne2 d5 20. exd5 Qxe3 21.
Bxe3 Nxd5 22. Bd4 b4 23. axb4 Nxb4 24. Be4 Bd5 25. Bxd5 Nxd5 26. Nc3 Nb4 27.
Re1 Bd6 28. Re4 a5 29. h5 a4 30. Rh3 a3 31. bxa3 Rxa3 32. Kb2 Nc6 33. Nb5 Rxh3
34. gxh3 Rb8 35. c4 Nxd4 36. Rxd4 Be5 37. Kc3 g5 38. hxg6 fxg6 39. Kd3 Bxd4 40.
Kxd4 Kf7 41. Kd5 Ke7 42. Nd4 Rb1 43. h4 Kd7 44. c5 g5 45. hxg5 hxg5 46. Ke4 Rb4
47. Ke3 g4 48. Ne2 Rc4 49. Kf2 Rxc5 50. Kg3 Rg5 51. Nc3 Ke6 52. Ne4 Rg7 53. Kf4
Rg6 54. Ng3 Kf7 55. Nf5 Ke6 56. Ng3 Kd5 57. Nf5 Kc4 1/2-1/2

[Event "GBR-ch85"]
[Site "Torquay"]
[Date "1998.07.28"]
[Round "2.33"]
[White "Stephenson, F Norman"]
[Black "Rendle, Thomas"]
[Result "1-0"]
[WhiteElo "2215"]
[BlackElo "1848"]
[PlyCount "97"]
[EventDate "1998.07.27"]
[EventType "swiss"]
[EventRounds "11"]
[EventCountry "GBR"]

1. d4 Nf6 2. c4 e6 3. Nc3 Bb4 4. e3 b6 5. Bd3 Bb7 6. Nge2 Ne4 7. O-O Bxc3 8.
bxc3 f5 9. f3 Nf6 10. Ng3 h5 11. e4 h4 12. Nh1 g6 13. Bg5 Rh5 14. Qd2 Nc6 15.
e5 Ne4 16. Bxe4 Qxg5 17. f4 Qe7 18. Bf3 Rh7 19. Nf2 O-O-O 20. Nh3 Ba6 21. Ng5
Rg7 22. Be2 Na5 23. c5 Nc4 24. Qc2 Kb7 25. Qa4 Na5 26. Bxa6+ Kxa6 27. Rfb1 c6
28. Rb3 Rb8 29. Rab1 Rgg8 30. Ra3 Rgf8 31. Qc4+ b5 32. Qb4 Qd8 33. Rbb3 Qc7 34.
Rxa5+ Qxa5 35. Ra3 Qxa3 36. Qxa3+ Kb7 37. h3 Ra8 38. Qa5 Rab8 39. Kh2 Rbe8 40.
Nf3 Rh8 41. Nd2 Rb8 42. c4 a6 43. Qb6+ Kc8 44. Qxa6+ Kc7 45. cxb5 Rxb5 46. Nc4
Rhb8 47. Nb6 Rb7 48. a4 Rb2 49. Qa5 1-0